[Event "Bundesliga 2324"]
[Site "Germany"]
[Date "2024.02.23"]
[Round "9.3"]
[White "Aronian, Levon"]
[Black "Oleksienko, Mikhailo"]
[Result "1/2-1/2"]
[WhiteElo "2742"]
[BlackElo "2567"]
[PlyCount "81"]
[EventDate "2023.10.21"]
[EventType "team-tourn"]
[EventRounds "15"]
[EventCountry "GER"]
[SourceTitle "CB09_2024"]
[SourceDate "2024.02.28"]
[SourceVersion "1"]
[SourceVersionDate "2024.02.28"]
[SourceQuality "1"]
[WhiteTeam "Baden-Baden"]
[BlackTeam "Oetigheim"]
[WhiteTeamCountry "GER"]
[BlackTeamCountry "GER"]

1. d4 d5 2. Nf3 e6 3. c4 Nf6 4. e3 b6 5. Nc3 Bb7 6. cxd5 exd5 7. Qa4+ c6 8. Bd3 Be7 9. 0-0 0-0 10. Rd1 Nbd7 11. Qc2 Re8 12. b3 Rc8 13. Bb2 Bd6 14. Bf5 Qe7 15. Re1 g6 16. Bh3 Rcd8 17. Ne2 Ne4 18. Nf4 Ndf6 19. Nd3 Bc8 20. Bxc8 Rxc8 21. Rad1 c5 22. dxc5 bxc5 23. Nf4 Bxf4 24. exf4 d4 25. Nd2 Qb7 26. Nc4 Qc7 27. Ne5 Nd6 28. b4 cxb4 29. Qxc7 Rxc7 30. Rxd4 Nc4 31. Rc1 Nxe5 32. Rxc7 Nc4 33. g3 Nxb2 34. Rxa7 Rb8 35. Kf1 b3 36. axb3 Rxb3 37. Rc7 Kg7 38. Ke2 h5 39. Rc2 Ng4 40. h3 Nh6 41. Rc7 1/2-1/2

[Event "POL-chT Ekstraliga"]
[Site "Lublin"]
[Date "2023.09.24"]
[Round "7.5"]
[White "Oleksienko, Mikhailo"]
[Black "Donchenko, Alexander"]
[Result "0-1"]
[WhiteElo "2587"]
[BlackElo "2679"]
[PlyCount "88"]
[EventDate "2023.09.18"]
[EventType "team-tourn"]
[EventRounds "9"]
[EventCountry "POL"]
[SourceTitle "EXT 2024"]
[Source "ChessBase"]
[SourceDate "2023.10.10"]
[SourceVersion "1"]
[SourceVersionDate "2023.10.10"]
[SourceQuality "1"]
[WhiteTeam "Dabrowa Gornicza Zaglebie"]
[BlackTeam "Raciborz Silesia"]
[WhiteTeamCountry "POL"]
[BlackTeamCountry "POL"]

1. e4 c5 2. Nf3 d6 3. d4 cxd4 4. Nxd4 Nf6 5. Nc3 a6 6. a4 e5 7. Nf3 h6 8. g3 Be7 9. Bg2 0-0 10. 0-0 Nc6 11. Re1 Nb4 12. Nd2 Bg4 13. Bf3 Qd7 14. a5 Rac8 15. Bxg4 Qxg4 16. Ra4 Qxd1 17. Rxd1 Nxc2 18. Nb3 Rfd8 19. Rd2 Ne1 20. Kf1 Nf3 21. Rd3 Ng5 22. Bxg5 hxg5 23. Nd2 Rc5 24. Rc4 Rdc8 25. Rxc5 Rxc5 26. h3 Kf8 27. Ke2 Ke8 28. Kd1 Rc6 29. b3 Nd7 30. b4 Bd8 31. Kc2 Nf8 32. Kb2 Ne6 33. Nd5 g6 34. Rc3 Nd4 35. Nb3 Rxc3 36. Kxc3 Ne2+ 37. Kd3 Ng1 38. Nd2 Nxh3 39. Ke2 Kd7 40. f3 Kc6 41. Kd3 g4 42. fxg4 Nf2+ 43. Ke3 Nxg4+ 44. Kf3 f5 0-1

[Event "Titled Tuesday intern op 29th Aug Early"]
[Site "Chess.com INT"]
[Date "2023.08.29"]
[Round "6"]
[White "Kukhmazov, Arsen"]
[Black "Oleksienko, Mikhailo"]
[Result "1-0"]
[WhiteElo "2504"]
[BlackElo "2592"]
[PlyCount "64"]
[EventDate "2023.08.29"]
[EventType "swiss (blitz)"]
[EventRounds "11"]
[EventCountry "USA"]
[SourceTitle "EXT 2024"]
[Source "ChessBase"]
[SourceDate "2023.10.10"]
[SourceVersion "1"]
[SourceVersionDate "2023.10.10"]
[SourceQuality "1"]

1. d4 Nf6 2. c4 e6 3. Nf3 d5 4. g3 Nc6 5. Bg2 Bd6 6. 0-0 0-0 7. b3 dxc4 8. bxc4 e5 9. c5 Be7 10. dxe5 Qxd1 11. Rxd1 Ne4 12. Nbd2 Nc3 13. Re1 Bxc5 14. Nb3 Bb6 15. Bb2 Ne4 16. e3 Be6 17. Nfd4 Nxd4 18. exd4 Bxb3 19. axb3 Nd2 20. Ra3 Rad8 21. Rd1 Bxd4 22. Rxd2 Bxb2 23. Rxb2 Rd1+ 24. Bf1 a6 25. f4 Rfd8 26. Kf2 R8d4 27. Be2 Rh1 28. Kg2 Re1 29. Ra4 Rd8 30. Bf3 c6 31. Rb4 b5 32. Bxc6 Rc8 1-0

[Event "Titled Tuesday intern op 29th Aug Early"]
[Site "Chess.com INT"]
[Date "2023.08.29"]
[Round "7"]
[White "Oleksienko, Mikhailo"]
[Black "Filgueiras, Nathan Felipe"]
[Result "1-0"]
[WhiteElo "2592"]
[BlackElo "2343"]
[PlyCount "81"]
[EventDate "2023.08.29"]
[EventType "swiss (blitz)"]
[EventRounds "11"]
[EventCountry "USA"]
[SourceTitle "EXT 2024"]
[Source "ChessBase"]
[SourceDate "2023.10.10"]
[SourceVersion "1"]
[SourceVersionDate "2023.10.10"]
[SourceQuality "1"]

1. e4 c5 2. Nf3 Nc6 3. d4 cxd4 4. Nxd4 e5 5. Nb5 d6 6. c4 Be7 7. N1c3 a6 8. Na3 f5 9. exf5 Bxf5 10. Bd3 Be6 11. Nc2 Nf6 12. Ne3 0-0 13. 0-0 Rc8 14. Ned5 Qd7 15. Nb6 Qc7 16. Nxc8 Qxc8 17. Bg5 Nd4 18. Rc1 h6 19. Bxf6 Bxf6 20. b3 Bg5 21. Rb1 b5 22. Ne4 bxc4 23. Nxg5 hxg5 24. bxc4 Bxc4 25. Rc1 d5 26. Qa4 Rf4 27. Bxc4 dxc4 28. Rfe1 c3 29. Qa5 Qg4 30. h3 Ne2+ 31. Kh1 Qh5 32. Qd8+ Kh7 33. Qd3+ e4 34. Qxe2 g4 35. Qe3 Qf5 36. g3 Rxf2 37. hxg4 Qf6 38. Qxe4+ Kh8 39. Qe8+ Kh7 40. Qh5+ Kg8 41. Re8+ 1-0

[Event "Titled Tuesday intern op 29th Aug Early"]
[Site "Chess.com INT"]
[Date "2023.08.29"]
[Round "3"]
[White "Oleksienko, Mikhailo"]
[Black "Kovalev, Vladislav"]
[Result "0-1"]
[WhiteElo "2592"]
[BlackElo "2582"]
[PlyCount "88"]
[EventDate "2023.08.29"]
[EventType "swiss (blitz)"]
[EventRounds "11"]
[EventCountry "USA"]
[SourceTitle "EXT 2024"]
[Source "ChessBase"]
[SourceDate "2023.10.10"]
[SourceVersion "1"]
[SourceVersionDate "2023.10.10"]
[SourceQuality "1"]

1. e4 e5 2. Nf3 Nc6 3. Nc3 Nf6 4. d4 exd4 5. Nxd4 Bb4 6. Nxc6 bxc6 7. Bd3 0-0 8. 0-0 d5 9. Bd2 Bg4 10. f3 Bh5 11. Nxd5 Nxd5 12. exd5 Bc5+ 13. Kh1 cxd5 14. Re1 Qd6 15. Qe2 f6 16. Qe6+ Qxe6 17. Rxe6 Rfe8 18. Rae1 Rxe6 19. Rxe6 Re8 20. Rxe8+ Bxe8 21. b4 Bd6 22. c4 dxc4 23. Bxc4+ Bf7 24. Bb3 Bxb3 25. axb3 Kf7 26. b5 Bc5 27. g4 Ke6 28. Kg2 Kd5 29. Bc3 Bb6 30. h4 Kc5 31. h5 Kxb5 32. h6 gxh6 33. Bxf6 Kb4 34. f4 Kxb3 35. Be7 Kc4 36. f5 Kd5 37. Kf3 Bd4 38. Ke2 c5 39. f6 Ke6 40. Kd3 a5 41. Kc4 a4 42. Bf8 Kxf6 43. Bxh6 Bb2 44. Kxc5 a3 0-1

[Event "Titled Tuesday intern op 29th Aug Early"]
[Site "Chess.com INT"]
[Date "2023.08.29"]
[Round "9"]
[White "Oleksienko, Mikhailo"]
[Black "Vestby Ellingsen, Mads"]
[Result "1-0"]
[WhiteElo "2592"]
[BlackElo "2350"]
[PlyCount "103"]
[EventDate "2023.08.29"]
[EventType "swiss (blitz)"]
[EventRounds "11"]
[EventCountry "USA"]
[SourceTitle "EXT 2024"]
[Source "ChessBase"]
[SourceDate "2023.10.10"]
[SourceVersion "1"]
[SourceVersionDate "2023.10.10"]
[SourceQuality "1"]

1. e4 e6 2. d4 d5 3. Nd2 c5 4. Ngf3 cxd4 5. Nxd4 Nc6 6. Bb5 Bd7 7. Nxc6 bxc6 8. Bd3 Bd6 9. Qe2 Qc7 10. Nf3 Ne7 11. e5 Bc5 12. 0-0 a5 13. Be3 Bxe3 14. Qxe3 c5 15. c3 Rb8 16. Rab1 Ng6 17. Rfe1 Bb5 18. Bxb5+ Rxb5 19. c4 dxc4 20. Nd2 0-0 21. Nxc4 Rfb8 22. Rbc1 Qd8 23. g3 Ne7 24. Qf3 Nf5 25. Qf4 Nd4 26. Nd6 Rxb2 27. Qxf7+ Kh8 28. Rxc5 Qf8 29. Rd1 Nf3+ 30. Kg2 Qxf7 31. Nxf7+ Kg8 32. Kxf3 Rf8 33. Rd7 Rxf7+ 34. Rxf7 Kxf7 35. Rxa5 Kg6 36. Ra7 Rb5 37. Kf4 Rb4+ 38. Ke3 Rb5 39. f4 Rb2 40. a4 Rxh2 41. a5 Ra2 42. a6 Ra3+ 43. Kf2 Ra2+ 44. Kf3 Ra3+ 45. Kg2 h6 46. Ra8 Kh7 47. a7 Kg6 48. f5+ exf5 49. e6 Kf6 50. Rf8+ Kxe6 51. a8Q Rxa8 52. Rxa8 1-0

[Event "Aix en Provence Imaweb 1st"]
[Site "Aix en Provence"]
[Date "2023.08.11"]
[Round "7"]
[White "Oleksienko, Mikhailo"]
[Black "Livaic, Leon"]
[Result "1-0"]
[WhiteElo "2592"]
[BlackElo "2558"]
[PlyCount "105"]
[EventDate "2023.08.07"]
[EventType "tourn"]
[EventRounds "9"]
[EventCountry "FRA"]
[EventCategory "13"]
[SourceTitle "CBM 215 Extra"]
[Source "ChessBase"]
[SourceDate "2023.09.30"]
[SourceVersion "1"]
[SourceVersionDate "2023.09.30"]
[SourceQuality "1"]

1. e4 c5 2. Nf3 Nc6 3. d4 cxd4 4. Nxd4 Nf6 5. Nc3 d6 6. f3 e5 7. Nb3 Be7 8. Be3 0-0 9. Qd2 Be6 10. 0-0-0 a5 11. Bb5 Nb4 12. Kb1 d5 13. exd5 Nbxd5 14. Nxd5 Nxd5 15. Bc4 Nxe3 16. Qxe3 Qc8 17. Bxe6 Qxe6 18. a3 b6 19. Rhe1 Bf6 20. Nd2 Rae8 21. Ne4 Be7 22. Nc3 Bc5 23. Qd3 Kh8 24. Ne4 Be7 25. Qd7 Qg6 26. g4 f5 27. gxf5 Qxf5 28. Qxf5 Rxf5 29. Ng3 Rff8 30. Rxe5 Rd8 31. Rxd8 Bxd8 32. Rf5 Rxf5 33. Nxf5 Bc7 34. h3 g6 35. Ne3 a4 36. Nd5 Bd8 37. Kc1 Kg7 38. Kd2 Kh6 39. Ke2 Kg5 40. Kf2 Kh4 41. Kg2 b5 42. Nc3 Bf6 43. Nxb5 Bxb2 44. f4 g5 45. c4 gxf4 46. c5 f3+ 47. Kxf3 Kxh3 48. c6 Be5 49. c7 Bxc7 50. Nxc7 h5 51. Nd5 Kh2 52. Nf4 h4 53. Kg4 1-0

[Event "Aix en Provence Imaweb 1st"]
[Site "Aix en Provence"]
[Date "2023.08.08"]
[Round "2"]
[White "Girel, Joseph"]
[Black "Oleksienko, Mikhailo"]
[Result "0-1"]
[WhiteElo "2462"]
[BlackElo "2592"]
[PlyCount "104"]
[EventDate "2023.08.07"]
[EventType "tourn"]
[EventRounds "9"]
[EventCountry "FRA"]
[EventCategory "13"]
[SourceTitle "CBM 215 Extra"]
[Source "ChessBase"]
[SourceDate "2023.09.30"]
[SourceVersion "1"]
[SourceVersionDate "2023.09.30"]
[SourceQuality "1"]

1. d4 d5 2. c4 e6 3. Nf3 Nf6 4. Nc3 Nbd7 5. Bf4 dxc4 6. e4 Bb4 7. Nd2 0-0 8. Bxc4 Nb6 9. Qb3 Nxc4 10. Qxc4 Bxc3 11. bxc3 Ne8 12. 0-0 b6 13. Rfe1 Bb7 14. Rad1 Nd6 15. Qd3 Qd7 16. c4 Rad8 17. f3 f6 18. Nf1 Nf7 19. Qb3 Qc8 20. Bg3 c5 21. d5 e5 22. Ne3 Nd6 23. a4 Qc7 24. Qc2 g5 25. h4 h6 26. Kf2 Bc8 27. Rh1 Kg7 28. Ra1 Bd7 29. Ke2 a6 30. Be1 Rde8 31. Bc3 f5 32. hxg5 f4 33. Qb2 Nf7 34. gxh6+ Kh7 35. Nd1 Rg8 36. Rh2 Rg5 37. Nf2 Nd6 38. Qb3 b5 39. axb5 axb5 40. cxb5 Bxb5+ 41. Ke1 Reg8 42. Ng4 Qe7 43. Ra5 Rb8 44. Qa3 Bd7 45. Ra7 Rb1+ 46. Kf2 Rxg4 47. fxg4 Nxe4+ 48. Kf3 Ng3 49. Qa6 Rf1+ 50. Qxf1 Nxf1 51. Rh1 Bxg4+ 52. Kxg4 Ne3+ 0-1

[Event "Titled Tuesday intern op 01st Aug Early"]
[Site "Chess.com INT"]
[Date "2023.08.01"]
[Round "11"]
[White "Berezin, Viktor1111"]
[Black "Oleksienko, Mikhailo"]
[Result "0-1"]
[WhiteElo "2307"]
[BlackElo "2592"]
[PlyCount "98"]
[EventDate "2023.08.01"]
[EventType "swiss (blitz)"]
[EventRounds "11"]
[EventCountry "USA"]
[SourceTitle "EXT 2024"]
[Source "ChessBase"]
[SourceDate "2023.10.10"]
[SourceVersion "1"]
[SourceVersionDate "2023.10.10"]
[SourceQuality "1"]

1. d4 d5 2. Nf3 Nf6 3. c4 e6 4. g3 Be7 5. Bg2 0-0 6. 0-0 c6 7. Qc2 dxc4 8. Qxc4 b5 9. Qc2 Bb7 10. Bf4 Nbd7 11. Nbd2 c5 12. dxc5 Nxc5 13. Nb3 Be4 14. Qd1 Qxd1 15. Rfxd1 Bc2 16. Re1 Nxb3 17. axb3 Bxb3 18. Nd4 Bd5 19. Nxb5 Bxg2 20. Kxg2 Nd5 21. Rxa7 Nxf4+ 22. gxf4 Bf6 23. b4 Rab8 24. Nd6 Rxb4 25. Rc1 Rxf4 26. e3 Rg4+ 27. Kf3 Rh4 28. Kg2 Be5 29. Nc4 Rxh2+ 30. Kf3 Bf6 31. Nb6 Bh4 32. Rc2 h5 33. Nd7 Rd8 34. Ne5 Bf6 35. Nxf7 Rf8 36. Nd6 Be5+ 37. Ke4 Bxd6 38. Rc6 Bb8 39. Rb7 Rhxf2 40. Rxe6 h4 41. Ree7 Rg2 42. Rb1 h3 43. Rh1 h2 44. Rb7 Rg1 45. Rb1 Rxb1 46. Rxb1 Bg3 47. Kd3 Rf2 48. e4 Rg2 49. Ke3 Rg1 0-1

[Event "Titled Tuesday intern op 01st Aug Early"]
[Site "Chess.com INT"]
[Date "2023.08.01"]
[Round "8"]
[White "Oleksienko, Mikhailo"]
[Black "Rustemov, Alexander"]
[Result "0-1"]
[WhiteElo "2592"]
[BlackElo "2525"]
[PlyCount "126"]
[EventDate "2023.08.01"]
[EventType "swiss (blitz)"]
[EventRounds "11"]
[EventCountry "USA"]
[SourceTitle "EXT 2024"]
[Source "ChessBase"]
[SourceDate "2023.10.10"]
[SourceVersion "1"]
[SourceVersionDate "2023.10.10"]
[SourceQuality "1"]

1. e4 e6 2. d4 d5 3. Nd2 dxe4 4. Nxe4 Bd7 5. Nf3 Bc6 6. Bd3 Nd7 7. 0-0 Ngf6 8. Ned2 Be7 9. c4 0-0 10. Re1 b6 11. b3 Bb7 12. Bb2 c5 13. Qe2 Re8 14. Rad1 Qc7 15. h3 Rad8 16. dxc5 bxc5 17. Bb1 h6 18. Ne5 Nxe5 19. Bxe5 Qc6 20. Nf3 a5 21. Rxd8 Rxd8 22. Bxf6 Bxf6 23. Be4 Qxe4 24. Qxe4 Bxe4 25. Rxe4 a4 26. bxa4 Ra8 27. Re2 Rxa4 28. Rc2 Kf8 29. Kf1 Ke7 30. Ke2 Kd6 31. Rd2+ Kc6 32. Rc2 Ra3 33. Ne1 Bd4 34. Nf3 e5 35. Nd2 f5 36. Nb3 h5 37. Rd2 Ra4 38. Rc2 e4 39. f3 Kd6 40. g4 fxg4 41. hxg4 hxg4 42. fxg4 Ke5 43. g5 Kf5 44. Kd2 Kxg5 45. Nxd4 cxd4 46. c5 Ra7 47. c6 Rc7 48. Rc4 Kf4 49. Rxd4 Rxc6 50. Rd7 g5 51. a4 Rc4 52. a5 Ra4 53. Rf7+ Kg3 54. Ra7 Ra3 55. a6 g4 56. Ra8 Kg2 57. Ke2 g3 58. a7 e3 59. Kd1 Ra2 60. Ke1 e2 61. Rd8 Rxa7 62. Rg8 Rf7 63. Rh8 Kf3 0-1

[Event "Titled Tuesday intern op 25th Jul Early"]
[Site "Chess.com INT"]
[Date "2023.07.25"]
[Round "11"]
[White "Oleksienko, Mikhailo"]
[Black "Samunenkov, Igor"]
[Result "1-0"]
[WhiteElo "2592"]
[BlackElo "2499"]
[PlyCount "97"]
[EventDate "2023.07.25"]
[EventType "swiss (blitz)"]
[EventRounds "11"]
[EventCountry "USA"]
[SourceTitle "EXT 2024"]
[Source "ChessBase"]
[SourceDate "2023.10.10"]
[SourceVersion "1"]
[SourceVersionDate "2023.10.10"]
[SourceQuality "1"]

1. e4 c6 2. Nf3 d5 3. Nc3 dxe4 4. Nxe4 Nf6 5. Nxf6+ exf6 6. Bc4 Bd6 7. Qe2+ Qe7 8. Qxe7+ Kxe7 9. 0-0 Rd8 10. Re1+ Kf8 11. a4 a5 12. d3 Na6 13. c3 Nc7 14. Nd2 Bf4 15. d4 Be6 16. Bxe6 Bxd2 17. Bxd2 fxe6 18. Kf1 Kf7 19. Be3 Nd5 20. c4 Nxe3+ 21. fxe3 Ra6 22. c5 e5 23. Red1 exd4 24. Rxd4 Rxd4 25. exd4 Ra8 26. Ke2 Rd8 27. Kd3 Rd7 28. b4 axb4 29. Rb1 Ke6 30. Rxb4 Kd5 31. a5 Re7 32. a6 bxa6 33. Rb8 Rd7 34. Ra8 h5 35. h4 a5 36. Rh8 g6 37. Rf8 Ke6 38. Rc8 Kd5 39. Rf8 Rb7 40. Rd8+ Ke6 41. Rd6+ Kf5 42. Rxc6 Rb3+ 43. Kc4 Rb2 44. Ra6 Rxg2 45. c6 g5 46. Kd5 gxh4 47. c7 Rc2 48. Rc6 Rxc6 49. Kxc6 1-0

[Event "Titled Tuesday intern op 25th Jul Early"]
[Site "Chess.com INT"]
[Date "2023.07.25"]
[Round "7"]
[White "Oro, Faustino"]
[Black "Oleksienko, Mikhailo"]
[Result "0-1"]
[WhiteElo "2316"]
[BlackElo "2592"]
[PlyCount "78"]
[EventDate "2023.07.25"]
[EventType "swiss (blitz)"]
[EventRounds "11"]
[EventCountry "USA"]
[SourceTitle "EXT 2024"]
[Source "ChessBase"]
[SourceDate "2023.10.10"]
[SourceVersion "1"]
[SourceVersionDate "2023.10.10"]
[SourceQuality "1"]

1. Nf3 d5 2. e3 Nf6 3. b3 e6 4. Bb2 b6 5. Be2 Bb7 6. 0-0 Nbd7 7. c4 Bd6 8. d4 0-0 9. Nc3 a6 10. Rc1 Qe7 11. cxd5 exd5 12. Qc2 Rfe8 13. Rfd1 Rac8 14. Bf1 Ne4 15. g3 Nxc3 16. Bxc3 h6 17. Bg2 Nf6 18. Nh4 Qd7 19. Bb2 Ne4 20. Nf3 Qe7 21. Qd3 a5 22. Qc2 c5 23. dxc5 bxc5 24. Nh4 Qe6 25. Qe2 a4 26. Qh5 axb3 27. axb3 Be5 28. Ba3 Qf6 29. Qf3 Qa6 30. Ra1 Bxa1 31. Rxa1 Qf6 32. Rc1 Qxf3 33. Nxf3 d4 34. exd4 cxd4 35. Rxc8 Rxc8 36. Nxd4 Ra8 37. Nb5 Ra5 38. Nd6 Nxd6 39. Bxd6 Ra1+ 0-1

[Event "Titled Tuesday intern op 30th May Early"]
[Site "Chess.com INT"]
[Date "2023.05.30"]
[Round "4"]
[White "Oleksienko, Mikhailo"]
[Black "Eilers, Stefan"]
[Result "1-0"]
[WhiteElo "2592"]
[BlackElo "2300"]
[PlyCount "43"]
[EventDate "2023.05.30"]
[EventType "swiss (blitz)"]
[EventRounds "11"]
[EventCountry "USA"]
[SourceTitle "CBM 214 Extra"]
[Source "ChessBase"]
[SourceDate "2023.07.31"]
[SourceVersion "1"]
[SourceVersionDate "2023.07.31"]
[SourceQuality "1"]

1. e4 d6 2. d4 Nf6 3. Nc3 Nbd7 4. f4 e5 5. Nf3 exd4 6. Qxd4 c6 7. Be3 d5 8. e5 Ng4 9. Bg1 Bc5 10. Qd2 Bxg1 11. Rxg1 Qb6 12. 0-0-0 Nxh2 13. Nd4 Nxf1 14. Rgxf1 Nc5 15. f5 Qd8 16. g4 Qh4 17. Rh1 Qe7 18. g5 Qxe5 19. Rhe1 Ne4 20. Nxe4 dxe4 21. Nxc6 bxc6 22. Qd8# 1-0

[Event "Titled Tuesday intern op 30th May Early"]
[Site "Chess.com INT"]
[Date "2023.05.30"]
[Round "5"]
[White "Ronka, Erik"]
[Black "Oleksienko, Mikhailo"]
[Result "0-1"]
[WhiteElo "2276"]
[BlackElo "2592"]
[PlyCount "44"]
[EventDate "2023.05.30"]
[EventType "swiss (blitz)"]
[EventRounds "11"]
[EventCountry "USA"]
[SourceTitle "CBM 214 Extra"]
[Source "ChessBase"]
[SourceDate "2023.07.31"]
[SourceVersion "1"]
[SourceVersionDate "2023.07.31"]
[SourceQuality "1"]

1. e4 c5 2. Nf3 e6 3. Nc3 a6 4. d4 cxd4 5. Nxd4 b5 6. Bd3 Qb6 7. Nf3 Qc7 8. 0-0 Bb7 9. Re1 Be7 10. e5 f5 11. Bf4 Nh6 12. Qd2 Nc6 13. Rad1 0-0-0 14. Bxb5 axb5 15. Nxb5 Qa5 16. Nd6+ Bxd6 17. Qxd6 Nf7 18. Qd3 g5 19. Nxg5 Nxg5 20. Bxg5 Rdg8 21. Bf6 Rxg2+ 22. Kf1 Rhg8 0-1

[Event "Titled Tuesday intern op 30th May Early"]
[Site "Chess.com INT"]
[Date "2023.05.30"]
[Round "10"]
[White "Shukhman, Anna"]
[Black "Oleksienko, Mikhailo"]
[Result "1/2-1/2"]
[WhiteElo "2154"]
[BlackElo "2592"]
[PlyCount "91"]
[EventDate "2023.05.30"]
[EventType "swiss (blitz)"]
[EventRounds "11"]
[EventCountry "USA"]
[SourceTitle "CBM 214 Extra"]
[Source "ChessBase"]
[SourceDate "2023.07.31"]
[SourceVersion "1"]
[SourceVersionDate "2023.07.31"]
[SourceQuality "1"]

1. e4 e5 2. Nf3 Nc6 3. Bb5 Nf6 4. 0-0 Nxe4 5. Re1 Nd6 6. Nxe5 Be7 7. Bf1 0-0 8. d4 Nf5 9. c3 Nxe5 10. Rxe5 d6 11. Re1 d5 12. Qf3 c6 13. Bf4 Nd6 14. Nd2 Be6 15. Bd3 Qd7 16. Qh5 g6 17. Qf3 Rfe8 18. Be5 f6 19. Bf4 a5 20. Qg3 Nf5 21. Bxf5 Bxf5 22. Nf3 Bf8 23. h4 Rxe1+ 24. Rxe1 Re8 25. Rxe8 Qxe8 26. h5 Bb1 27. a3 g5 28. Bd6 Bg7 29. Bc7 a4 30. Qd6 h6 31. Bd8 Qf7 32. Qb8 Kh7 33. Bc7 b5 34. Nd2 Bd3 35. g4 Qe6 36. Bg3 Qxg4 37. Kh2 Qd1 38. Qc7 Qxd2 39. Qxc6 f5 40. Qg6+ Kg8 41. Qe8+ Bf8 42. Qg6+ Bg7 43. Qe8+ Kh7 44. Qg6+ Kh8 45. Qe8+ Kh7 46. Qg6+ 1/2-1/2

[Event "Titled Tuesday intern op 04th Apr Early"]
[Site "Chess.com INT"]
[Date "2023.04.04"]
[Round "7"]
[White "Gabdrakhmanov, Azat"]
[Black "Oleksienko, Mikhailo"]
[Result "1-0"]
[WhiteElo "2316"]
[BlackElo "2592"]
[PlyCount "97"]
[EventDate "2023.04.04"]
[EventType "swiss (blitz)"]
[EventRounds "11"]
[EventCountry "USA"]
[SourceTitle "EXT 2024"]
[Source "ChessBase"]
[SourceDate "2023.10.10"]
[SourceVersion "1"]
[SourceVersionDate "2023.10.10"]
[SourceQuality "1"]

1. e4 c5 2. Nf3 Nc6 3. d4 cxd4 4. Nxd4 e5 5. Nb5 d6 6. N1c3 a6 7. Na3 Be6 8. Be2 b5 9. Nd5 Be7 10. c4 b4 11. Nc2 a5 12. 0-0 Nf6 13. Qd3 0-0 14. Be3 Rb8 15. Rfd1 Rc8 16. f3 Bxd5 17. cxd5 Nb8 18. Rdc1 Nh5 19. a3 Nf4 20. Bxf4 exf4 21. axb4 axb4 22. Kh1 Qb6 23. Qb5 Qxb5 24. Bxb5 Rc5 25. Nd4 Bf6 26. Rxc5 dxc5 27. Nb3 Bxb2 28. Rb1 Ba3 29. Nxc5 Rc8 30. Nd3 Rc3 31. h4 b3 32. e5 b2 33. Nxb2 Rb3 34. Rc1 Rxb5 35. Rc8+ Bf8 36. Nc4 Rxd5 37. Rxb8 Rc5 38. Nd6 Rxe5 39. Ne4 f6 40. Kh2 Kf7 41. Kh3 Be7 42. Rb7 Kg6 43. Kg4 f5+ 44. Kxf4 Re6 45. h5+ Kxh5 46. Kxf5 Rf6+ 47. Nxf6+ Bxf6 48. g4+ Kh6 49. f4 1-0

[Event "Titled Tuesday intern op 04th Apr Early"]
[Site "Chess.com INT"]
[Date "2023.04.04"]
[Round "2"]
[White "Oleksienko, Mikhailo"]
[Black "Mortazavi, Ali"]
[Result "1-0"]
[WhiteElo "2592"]
[BlackElo "2333"]
[PlyCount "101"]
[EventDate "2023.04.04"]
[EventType "swiss (blitz)"]
[EventRounds "11"]
[EventCountry "USA"]
[SourceTitle "EXT 2024"]
[Source "ChessBase"]
[SourceDate "2023.10.10"]
[SourceVersion "1"]
[SourceVersionDate "2023.10.10"]
[SourceQuality "1"]

1. e4 c6 2. Nf3 d5 3. Nc3 dxe4 4. Nxe4 Nf6 5. Nxf6+ exf6 6. Bc4 Bd6 7. Qe2+ Be7 8. 0-0 0-0 9. Re1 Bd6 10. d4 Na6 11. a3 Nc7 12. h3 Re8 13. Qf1 Bf5 14. Rxe8+ Qxe8 15. Bd3 Bg6 16. Bxg6 hxg6 17. c4 Qe4 18. Be3 Qc2 19. Qc1 Qe4 20. Qb1 Qe6 21. Qd3 Rd8 22. Rc1 Bf8 23. Qb3 b5 24. Qc2 bxc4 25. Qxc4 Nd5 26. Qxc6 Rd6 27. Qc8 Nxe3 28. Qxe6 Rxe6 29. fxe3 Rxe3 30. Kf2 Rb3 31. Rc2 g5 32. Nd2 Rb7 33. b4 g6 34. Rc8 Kg7 35. Nc4 Rd7 36. Ke3 f5 37. b5 Be7 38. Ne5 Rb7 39. a4 Bf6 40. Nc6 Rd7 41. Ra8 f4+ 42. Ke4 Rd6 43. Rxa7 Re6+ 44. Kd3 Re3+ 45. Kc4 Rg3 46. b6 Rxg2 47. b7 Rb2 48. b8Q Rxb8 49. Nxb8 Bd8 50. Nc6 f3 51. Nxd8 1-0

[Event "ISL-chT Kvika 2223"]
[Site "Reykjavik"]
[Date "2023.03.19"]
[Round "10.1"]
[White "Donchenko, Alexander"]
[Black "Oleksienko, Mikhailo"]
[Result "1-0"]
[WhiteElo "2653"]
[BlackElo "2594"]
[PlyCount "51"]
[EventDate "2022.10.13"]
[EventType "team-tourn"]
[EventRounds "10"]
[EventCountry "ISL"]
[SourceTitle "CBM 213 Extra"]
[Source "ChessBase"]
[SourceDate "2023.05.31"]
[SourceVersion "1"]
[SourceVersionDate "2023.05.31"]
[SourceQuality "1"]
[WhiteTeam "Skakdeild KR"]
[BlackTeam "Taflfelag Reykjavikur"]
[WhiteTeamCountry "ISL"]
[BlackTeamCountry "ISL"]

1. c4 e5 2. g3 Be7 3. Nc3 f5 4. Nf3 d6 5. Bg2 Nf6 6. 0-0 0-0 7. b4 e4 8. Nd4 Nc6 9. Nxc6 bxc6 10. d3 d5 11. cxd5 cxd5 12. Qb3 Be6 13. dxe4 fxe4 14. Nxe4 Nxe4 15. Bxe4 c6 16. Bg2 Rb8 17. a3 a5 18. Bf4 Rb6 19. Qe3 Bd7 20. bxa5 Rb5 21. a4 Rxa5 22. Rab1 Bc5 23. Qc3 Bb6 24. e4 Rxa4 25. Qb3 Ra6 26. exd5 1-0

[Event "ISL-chT Kvika 2223"]
[Site "Reykjavik"]
[Date "2023.03.18"]
[Round "8.2"]
[White "Cheparinov, Ivan"]
[Black "Oleksienko, Mikhailo"]
[Result "1/2-1/2"]
[WhiteElo "2661"]
[BlackElo "2594"]
[PlyCount "59"]
[EventDate "2022.10.13"]
[EventType "team-tourn"]
[EventRounds "10"]
[EventCountry "ISL"]
[SourceTitle "CBM 213 Extra"]
[Source "ChessBase"]
[SourceDate "2023.05.31"]
[SourceVersion "1"]
[SourceVersionDate "2023.05.31"]
[SourceQuality "1"]
[WhiteTeam "Taflfelag Gardjabaejar"]
[BlackTeam "Taflfelag Reykjavikur"]
[WhiteTeamCountry "ISL"]
[BlackTeamCountry "ISL"]

1. e4 e5 2. Nf3 Nc6 3. Bc4 Bc5 4. d3 Nf6 5. 0-0 d6 6. c3 a6 7. a4 Ba7 8. h3 h6 9. Be3 Bxe3 10. fxe3 0-0 11. Nbd2 Be6 12. Bxe6 fxe6 13. Qb3 Qd7 14. d4 b6 15. Rad1 Kh7 16. Qc2 b5 17. b4 Qe8 18. Qd3 bxa4 19. Ra1 Ne7 20. dxe5 dxe5 21. Nxe5 Qb5 22. Nec4 Nd7 23. Rxf8 Rxf8 24. Qc2 Nb6 25. Nxb6 cxb6 26. Nf3 Rc8 27. Rxa4 Rxc3 28. Qxc3 Qxa4 29. Nd4 Qd7 30. e5 1/2-1/2